000 00610nam a22002177a 4500
003 UA-OsUOA
001 120353
007 ta
008 20161226b un ||||| |||| 00| 0 ukr d
100 _aБогдан І.В.
090 _a330(477)
_bБ73
942 _cSA
040 _aUA-OsUOA
_bukr
_cUA-OsUOA
_dUA-OsUOA
245 _aПроциклічна чи антициклічна фіскальна політика: методи діагностики
300 _aС.45-58
955 _a0
041 _aukr
080 _a330(477)
773 0 _w120351
650 7 _a330 Економіка взагалі
_2UDC
999 _c406693
_d406693